000 00542nam a22001937a 4500
003 MPLRDC
005 20220104124203.0
008 210129b ||||| |||| 00| 0 eng d
020 _a7-5017-2198-X
082 _a083.6 RMZS v.4
100 _a韩学平主编; 金顶兵、毕诚、陈赫等编著
245 _a世界100 著名大学排行榜
_c
250 _a一版一刷
260 _a
_b中国经济出版社
_c1994
300 _b
490 _a热门知识丛书
650 _a现代丛书--通俗用
942 _cBK
_o083.6 RMZS v.4
999 _c17329
_d17319